000 00708nam a22002057a 4500
005 20100722142723.0
010 _aENG-96562
020 _a9788187952152
_c75.00
035 _aEN-80095
037 _bDBAD/PUB
082 _a915.41404
100 _aKakar, S.C.
_9717
245 _aKolkata :
_bcity guide /
_cby S.C Kakar
250 _a2nd rev. ed
260 _aKolkata
_bMark-Age Publications
_c2009
270 _aME/5, Niva park, Bramha Pur,
_bKolkata
_e700096
300 _a124p.
_c22 cm (pbk)
942 _2ddc
_cEN
_mKAK
_h915.41404
999 _c37219
_d37219